[Event "33. Open Barbera del Valles 2010"]
[Site "Barbera del Valles ESP"]
[Date "2010.07.06"]
[Round "3.23"]
[White "Silva Rodriguez, Julio"]
[Black "Colon Garcia, Enrique"]
[Result "1-0"]
[WhiteElo "2126"]
[BlackElo "2314"]
[PlyCount "93"]
[EventDate "2010.07.04"]
[EventType "swiss"]
[EventRounds "9"]
[EventCountry "ESP"]
[Source "lmi"]
[SourceDate "2010.07.04"]

1. e4 c5 2. Nf3 Nc6 3. d4 cxd4 4. Nxd4 e5 5. Nb5 d6 6. g3 Be7 7. Bg2 a6 8. N5c3
Nf6 9. h3 h5 10. Be3 Be6 11. Nd5 Bxd5 12. exd5 Nb8 13. O-O Nbd7 14. a4 Rc8 15.
b3 h4 16. g4 Nh7 17. Qd3 Bg5 18. Nd2 Bxe3 19. fxe3 O-O 20. Ne4 Nc5 21. Nxc5
Rxc5 22. b4 Rc7 23. c4 a5 24. Rab1 axb4 25. Rxb4 Nf6 26. Qf5 Nd7 27. g5 g6 28.
Qg4 e4 29. Qxh4 Ne5 30. Bxe4 Qe7 31. Qf4 Nxc4 32. Bd3 Ne5 33. Bb5 Rc5 34. Rd4
Rfc8 35. Rd2 Rc3 36. h4 Qc7 37. h5 gxh5 38. Rdf2 Qc5 39. g6 fxg6 40. Bd7 Rd8
41. Be6+ Kh7 42. Qg5 Qxe3 43. Qxd8 Nd3 44. Qf8 Qg5+ 45. Rg2 Qe3+ 46. Kh1 Nf2+
47. Qxf2 1-0

[Event "33. Open Barbera del Valles 2010"]
[Site "Barbera del Valles ESP"]
[Date "2010.07.06"]
[Round "3.24"]
[White "Sanchez Ibern, Marc"]
[Black "Do Santos Julio, Joao Manuel"]
[Result "1-0"]
[WhiteElo "2255"]
[BlackElo "2122"]
[PlyCount "79"]
[EventDate "2010.07.04"]
[EventType "swiss"]
[EventRounds "9"]
[EventCountry "ESP"]
[Source "lmi"]
[SourceDate "2010.07.04"]

1. e4 c5 2. Nf3 e6 3. d4 cxd4 4. Nxd4 Nf6 5. Nc3 Bb4 6. e5 Nd5 7. Qg4 Nxc3 8.
Qxg7 Rf8 9. a3 Nb5+ 10. axb4 Nxd4 11. Bg5 Qb6 12. Bh6 Qxb4+ 13. c3 Nf5 14. cxb4
Nxg7 15. Bxg7 Rg8 16. Bf6 Nc6 17. Ra4 Rg4 18. Bd3 h6 19. f3 Rxg2 20. b5 Ne7 21.
Rh4 Ng8 22. Kf1 Rd2 23. Rg1 Rd1+ 24. Kf2 Rxg1 25. Kxg1 d5 26. Rg4 Ne7 27. Rg7
Nf5 28. Rg8+ Kd7 29. Rf8 Kc7 30. Rxf7+ Kb6 31. b4 Bd7 32. Rxd7 Rg8+ 33. Kf2 a6
34. Bd8+ Ka7 35. Bxf5 exf5 36. b6+ Kb8 37. e6 Re8 38. e7 Kc8 39. Rxd5 f4 40.
Bc7 1-0

[Event "33. Open Barbera del Valles 2010"]
[Site "Barbera del Valles ESP"]
[Date "2010.07.06"]
[Round "3.25"]
[White "Ortega Serra, Marc"]
[Black "Silva Rodriguez, Fernando"]
[Result "1-0"]
[WhiteElo "2223"]
[BlackElo "2115"]
[PlyCount "143"]
[EventDate "2010.07.04"]
[EventType "swiss"]
[EventRounds "9"]
[EventCountry "ESP"]
[Source "lmi"]
[SourceDate "2010.07.04"]

1. d4 d6 2. f4 Nf6 3. c4 g6 4. Nc3 Bf5 5. g3 c6 6. Bg2 d5 7. cxd5 cxd5 8. Qb3
Nc6 9. Nxd5 Nxd4 10. Qa4+ Nc6 11. Nxf6+ exf6 12. Bxc6+ bxc6 13. Qxc6+ Bd7 14.
Qe4+ Be7 15. Nf3 O-O 16. Be3 Re8 17. Qd3 Qa5+ 18. Bd2 Bb4 19. Bxb4 Qxb4+ 20.
Qd2 Qb6 21. Qd4 Bb5 22. O-O Rxe2 23. Qxb6 axb6 24. Rf2 Rae8 25. Nd4 Re1+ 26.
Rxe1 Rxe1+ 27. Kg2 Bc4 28. a3 Bd5+ 29. Kh3 Rd1 30. Nf3 Rd3 31. Rd2 Be6+ 32. Kg2
Re3 33. Kf2 Re4 34. Rd4 f5 35. Rd6 b5 36. Ne5 b4 37. a4 b3 38. a5 Ra4 39. a6
Ra2 40. Ke3 Kg7 41. Nd3 Bc4 42. Kd4 Bxa6 43. Kc3 Ra1 44. Kxb3 Bb5 45. Ne5 f6
46. Nd7 Rh1 47. Rd2 g5 48. Nc5 Kg6 49. Ne6 h5 50. Kb4 Bc6 51. Kc5 Be4 52. Kd6
h4 53. gxh4 gxh4 54. Ke7 Kh5 55. Kxf6 Kg4 56. Ke5 Kf3 57. b3 Rb1 58. Ra2 Bd3
59. Nc5 Re1+ 60. Kf6 Bb1 61. Rb2 Kxf4 62. b4 Rc1 63. Ne6+ Kg4 64. b5 Be4 65. b6
Rc8 66. Rb3 Bd5 67. h3+ Kh5 68. Nf4+ Kh6 69. Nxd5 Rf8+ 70. Ke5 f4 71. Nxf4 Re8+
72. Ne6 1-0

[Event "33. Open Barbera del Valles 2010"]
[Site "Barbera del Valles ESP"]
[Date "2010.07.06"]
[Round "3.26"]
[White "Costa Trave, Jaume"]
[Black "Nunez Lucero, Francisco"]
[Result "1/2-1/2"]
[WhiteElo "2084"]
[BlackElo "2178"]
[PlyCount "268"]
[EventDate "2010.07.04"]
[EventType "swiss"]
[EventRounds "9"]
[EventCountry "ESP"]
[Source "lmi"]
[SourceDate "2010.07.04"]

1. d4 e6 2. e4 d5 3. Bd3 c5 4. c3 Nc6 5. Nf3 dxe4 6. Bxe4 Nf6 7. Bc2 cxd4 8.
cxd4 Be7 9. Nc3 O-O 10. a3 Qa5 11. O-O Rd8 12. Be3 b6 13. Ba4 Bb7 14. Bb5 Nd5
15. Bxc6 Nxc3 16. bxc3 Bxc6 17. Ne5 Qd5 18. Qg4 Qe4 19. Qh3 Rac8 20. Rfe1 Qh4
21. Nxc6 Rxc6 22. Qxh4 Bxh4 23. g3 Bf6 24. Bd2 Rd5 25. f4 h5 26. Kf2 Rc4 27.
Ke3 Ra4 28. Reb1 Be7 29. Bc1 Kf8 30. Kd3 b5 31. Rb3 Ke8 32. Rab1 a6 33. Bb2 Bd6
34. Re1 Kd7 35. Bc1 Kc6 36. h3 Rc4 37. g4 Bc7 38. Bd2 Rd8 39. Rf1 hxg4 40. hxg4
Rh8 41. Rf3 Rh4 42. g5 Kd5 43. Rb1 Bd6 44. Rb3 Ra4 45. f5 exf5 46. Rxf5+ Ke6
47. Rf3 Rg4 48. Rb1 Rg3 49. Re1+ Kd7 50. Rxg3 Bxg3 51. Rf1 Ke6 52. g6 f6 53.
Bh6 gxh6 54. Rg1 Rc4 55. Rxg3 Rc8 56. Ke4 f5+ 57. Kf4 Rg8 58. d5+ Kf6 59. d6
Rg7 60. Rd3 Rd7 61. g7 Kxg7 62. Kxf5 Kf7 63. Ke5 Ke8 64. Rg3 Rh7 65. Ke6 Rh8
66. Rg7 h5 67. Ra7 Rh6+ 68. Kd5 h4 69. Rxa6 Rh5+ 70. Kc6 h3 71. Ra8+ Kf7 72. d7
h2 73. d8=Q h1=Q+ 74. Kb6 Qg1+ 75. Qd4 Qg6+ 76. Ka7 Rh7 77. Rb8 Ke6+ 78. Rb7
Rxb7+ 79. Kxb7 Kf7 80. Qd7+ Kg8 81. Qc6 Qf7+ 82. Kb6 Qb3 83. Qc5 Kh7 84. Qb4
Qd5 85. Ka5 Qc6 86. Qxb5 Qxc3+ 87. Qb4 Qc7+ 88. Ka6 Qc2 89. a4 Kh6 90. a5 Qc8+
91. Qb7 Qc4+ 92. Ka7 Kh5 93. a6 Kh4 94. Kb8 Qf4+ 95. Kc8 Qf8+ 96. Kc7 Qc5+ 97.
Kd7 Qf5+ 98. Kd6 Qd3+ 99. Ke5 Qg3+ 100. Kd4 Qg1+ 101. Kd5 Qg5+ 102. Kc6 Qf6+
103. Kc7 Qf4+ 104. Kb6 Qd4+ 105. Kb5 Qd3+ 106. Ka4 Qc2+ 107. Qb3 Qc6+ 108. Qb5
Qc2+ 109. Ka5 Qc7+ 110. Kb4 Qd6+ 111. Kb3 Qd1+ 112. Kc4 Qc2+ 113. Kd5 Qf5+ 114.
Kc6 Qc8+ 115. Kb6 Qb8+ 116. Ka5 Qc7+ 117. Qb6 Qe5+ 118. Kb4 Qe4+ 119. Kc3 Qe1+
120. Kd3 Qd1+ 121. Ke4 Qg4+ 122. Kd5 Qf5+ 123. Kd6 Qf6+ 124. Kc7 Qe5+ 125. Qd6
Qg7+ 126. Kc6 Qc3+ 127. Kd7 Qh3+ 128. Ke7 Qe3+ 129. Kf7 Qb3+ 130. Qe6 Qb8 131.
Qe7+ Kh3 132. a7 Qf4+ 133. Ke8 Qf3 134. Qf7 Qa8+ 1/2-1/2

[Event "33. Open Barbera del Valles 2010"]
[Site "Barbera del Valles ESP"]
[Date "2010.07.06"]
[Round "3.27"]
[White "Chuturkov, Marinko"]
[Black "Martin Sanchez, Enric"]
[Result "1-0"]
[WhiteElo "2145"]
[BlackElo "2044"]
[PlyCount "75"]
[EventDate "2010.07.04"]
[EventType "swiss"]
[EventRounds "9"]
[EventCountry "ESP"]
[Source "lmi"]
[SourceDate "2010.07.04"]

1. Nf3 c5 2. g3 Nc6 3. Bg2 e5 4. d3 d6 5. O-O f5 6. Nc3 Nf6 7. e4 Be7 8. Nh4
fxe4 9. dxe4 Nd4 10. Qd3 O-O 11. Nf5 Be6 12. Bg5 c4 13. Nxe7+ Qxe7 14. Qd1 b5
15. f4 b4 16. fxe5 dxe5 17. Nd5 Bxd5 18. c3 Bb7 19. cxd4 Rad8 20. d5 h6 21. Be3
Ne8 22. Rxf8+ Kxf8 23. Qa4 c3 24. bxc3 bxc3 25. Qxa7 Rc8 26. Bh3 Rc7 27. Qa5
Nd6 28. Bc5 Rxc5 29. Qxc5 Nxe4 30. Rf1+ Ke8 31. Qb5+ Kd8 32. Qa5+ Ke8 33. Qa4+
Kd8 34. Qxe4 Qc5+ 35. Rf2 Bxd5 36. Qxe5 c2 37. Qb8+ Ke7 38. Qf8# 1-0

[Event "33. Open Barbera del Valles 2010"]
[Site "Barbera del Valles ESP"]
[Date "2010.07.07"]
[Round "4.1"]
[White "Fedorchuk, Sergey A"]
[Black "Oms Pallisse, Josep"]
[Result "1-0"]
[WhiteElo "2665"]
[BlackElo "2494"]
[PlyCount "99"]
[EventDate "2010.07.04"]
[EventType "swiss"]
[EventRounds "9"]
[EventCountry "ESP"]
[Source "lmi"]
[SourceDate "2010.07.04"]

1. e4 e5 2. Nf3 Nc6 3. Bb5 a6 4. Ba4 Nf6 5. O-O Be7 6. Re1 b5 7. Bb3 d6 8. c3
O-O 9. d4 Bg4 10. Be3 Bh5 11. Nbd2 Na5 12. Bc2 Ng4 13. Qe2 Nxe3 14. Qxe3 Bxf3
15. Nxf3 Nc4 16. Qc1 Bf6 17. a4 c6 18. Rd1 Qc7 19. d5 Nb6 20. dxc6 Qxc6 21. a5
Nc8 22. Qe3 Rb8 23. b4 Ne7 24. Rd3 Rfd8 25. Rad1 h6 26. Bb3 Rd7 27. g3 Rf8 28.
h4 g6 29. h5 Kg7 30. Kg2 Rfd8 31. hxg6 fxg6 32. Be6 Rc7 33. Rh1 g5 34. Rhd1 Kg6
35. Qb6 Qxb6 36. axb6 Rc6 37. b7 Rb8 38. Rxd6 Rxb7 39. Rxc6 Nxc6 40. Rd6 Rc7
41. Bd5 Ne7 42. Nxe5+ Kg7 43. Nd3 Nxd5 44. exd5 Rxc3 45. Nc5 Rc2 46. Rxa6 g4
47. Ne4 Bd8 48. Ra8 Bb6 49. Rb8 Re2 50. Nc5 1-0

[Event "33. Open Barbera del Valles 2010"]
[Site "Barbera del Valles ESP"]
[Date "2010.07.07"]
[Round "4.2"]
[White "Bruzon Batista, Lazaro"]
[Black "Abreu Delgado, Aryam"]
[Result "1-0"]
[WhiteElo "2653"]
[BlackElo "2474"]
[PlyCount "103"]
[EventDate "2010.07.04"]
[EventType "swiss"]
[EventRounds "9"]
[EventCountry "ESP"]
[Source "lmi"]
[SourceDate "2010.07.04"]

1. e4 c5 2. Nf3 d6 3. d4 cxd4 4. Nxd4 Nf6 5. Nc3 a6 6. Bg5 e6 7. Qf3 Nbd7 8.
O-O-O Qc7 9. Qg3 h6 10. Bxf6 Nxf6 11. f4 b5 12. e5 dxe5 13. Ndxb5 axb5 14.
Bxb5+ Nd7 15. f5 Ke7 16. Qh4+ f6 17. fxe6 Nb6 18. Bd7 Ra5 19. Qh5 Bxd7 20. Qf7+
Kd8 21. Rxd7+ Nxd7 22. Rd1 Bd6 23. Ne4 Ra6 24. Qxg7 Re8 25. exd7 Re7 26. Qg8+
Kxd7 27. Nxf6+ Kc6 28. Qd5+ Kb6 29. Qxd6+ Ka7 30. Qxc7+ Rxc7 31. Ng4 Rg7 32.
Ne3 Rxa2 33. Rd5 Ra1+ 34. Kd2 Re7 35. Rd6 Ra6 36. Rxa6+ Kxa6 37. Kd3 e4+ 38.
Kd4 Re6 39. Nd5 Ka5 40. c4 Ka4 41. Nc3+ Kb3 42. Nxe4 Kxb2 43. c5 Kc2 44. Kd5
Re7 45. c6 Kd3 46. Ng3 Ra7 47. Kd6 Ke3 48. c7 Ra8 49. Nf5+ Kf2 50. g4 h5 51.
gxh5 Kf3 52. Kd7 1-0

[Event "33. Open Barbera del Valles 2010"]
[Site "Barbera del Valles ESP"]
[Date "2010.07.07"]
[Round "4.4"]
[White "Almeida Quintana, Omar"]
[Black "Perpinya Rofes, Lluis Maria"]
[Result "1-0"]
[WhiteElo "2559"]
[BlackElo "2344"]
[PlyCount "113"]
[EventDate "2010.07.04"]
[EventType "swiss"]
[EventRounds "9"]
[EventCountry "ESP"]
[Source "lmi"]
[SourceDate "2010.07.04"]

1. d4 Nf6 2. c4 g6 3. Nc3 Bg7 4. e4 d6 5. f3 O-O 6. Be3 Nc6 7. Nge2 a6 8. Qd2
Rb8 9. Rc1 Bd7 10. Nd1 b5 11. c5 e6 12. g3 Ne7 13. Bg2 b4 14. Nf2 Bb5 15. Nd3
Nd7 16. cxd6 cxd6 17. O-O Qa5 18. b3 Rfc8 19. a4 Bxd3 20. Qxd3 d5 21. e5 Rxc1
22. Rxc1 Rc8 23. Bf1 Rxc1 24. Nxc1 Nb8 25. Qc2 Nbc6 26. Bf2 Qb6 27. f4 Bf8 28.
Qd3 Nb8 29. g4 Qc6 30. Ne2 Nd7 31. Be1 Qb6 32. Ng3 Bh6 33. Ne2 Nc6 34. Kg2 Bg7
35. Bf2 f5 36. Ng3 fxg4 37. Be2 a5 38. Bxg4 Nf8 39. Ne2 Ne7 40. Qb5 Qd8 41. Nc1
Qc8 42. Nd3 Qc2 43. Nc5 Nf5 44. Qe2 Qc1 45. Bxf5 gxf5 46. Be3 Qb1 47. Qd3 Qb2+
48. Bf2 Bh6 49. Qg3+ Ng6 50. Nxe6 Qd2 51. Qe3 Nxf4+ 52. Nxf4 Bxf4 53. Qf3 Kg7
54. Qxd5 Be3 55. Qd7+ Kg6 56. Qe6+ Kg5 57. Qf6+ 1-0

[Event "33. Open Barbera del Valles 2010"]
[Site "Barbera del Valles ESP"]
[Date "2010.07.07"]
[Round "4.5"]
[White "Aloma Vidal, Robert"]
[Black "Bhat, Vinay S"]
[Result "1/2-1/2"]
[WhiteElo "2445"]
[BlackElo "2536"]
[PlyCount "60"]
[EventDate "2010.07.04"]
[EventType "swiss"]
[EventRounds "9"]
[EventCountry "ESP"]
[Source "lmi"]
[SourceDate "2010.07.04"]

1. d4 Nf6 2. c4 e6 3. g3 d5 4. Nf3 dxc4 5. Bg2 c5 6. O-O Nc6 7. Qa4 Bd7 8. Qxc4
cxd4 9. Nxd4 Rc8 10. Nc3 Nxd4 11. Qxd4 Bc5 12. Qh4 O-O 13. Bg5 h6 14. Bxf6 Qxf6
15. Qxf6 gxf6 16. Rac1 b6 17. Rfd1 Rfd8 18. Bb7 Rb8 19. Bf3 Be8 20. e3 f5 21.
Ne2 Kf8 22. Nd4 Ke7 23. Nc6+ Bxc6 24. Bxc6 Rxd1+ 25. Rxd1 Rd8 26. Rxd8 Kxd8 27.
Kf1 Ke7 28. Ke2 Kd6 29. Be8 Ke7 30. Bc6 Kd6 1/2-1/2

[Event "33. Open Barbera del Valles 2010"]
[Site "Barbera del Valles ESP"]
[Date "2010.07.07"]
[Round "4.6"]
[White "Gagarin, Vasilij"]
[Black "Gonzalez Vidal, Yuri"]
[Result "0-1"]
[WhiteElo "2403"]
[BlackElo "2522"]
[PlyCount "68"]
[EventDate "2010.07.04"]
[EventType "swiss"]
[EventRounds "9"]
[EventCountry "ESP"]
[Source "lmi"]
[SourceDate "2010.07.04"]

1. d4 Nf6 2. c4 e6 3. Nf3 b6 4. e3 Bb7 5. Bd3 c5 6. O-O Be7 7. Nc3 cxd4 8. exd4
d5 9. cxd5 Nxd5 10. Ne5 O-O 11. Qh5 f5 12. Qe2 Bf6 13. Bc4 Re8 14. Rd1 a6 15.
Be3 Nd7 16. f4 Nxc3 17. bxc3 b5 18. Bb3 Nb6 19. Qh5 Bd5 20. Bf2 g6 21. Qe2 Rc8
22. Rac1 Nc4 23. Nd3 a5 24. Ne5 a4 25. Bxc4 bxc4 26. Rb1 Qc7 27. Qe1 Rb8 28.
Bh4 a3 29. Bxf6 Rxb1 30. Rxb1 Rb8 31. h4 Rb2 32. h5 Qb7 33. Rd1 Rxg2+ 34. Kf1
Rh2 0-1

[Event "33. Open Barbera del Valles 2010"]
[Site "Barbera del Valles ESP"]
[Date "2010.07.07"]
[Round "4.7"]
[White "Fluvia Poyatos, Jordi"]
[Black "Vilela De Acuna, Jose Luis"]
[Result "1-0"]
[WhiteElo "2467"]
[BlackElo "2329"]
[PlyCount "71"]
[EventDate "2010.07.04"]
[EventType "swiss"]
[EventRounds "9"]
[EventCountry "ESP"]
[Source "lmi"]
[SourceDate "2010.07.04"]

1. d4 Nf6 2. c4 e6 3. g3 d5 4. Bg2 Bb4+ 5. Nd2 O-O 6. Ngf3 dxc4 7. Qc2 Qd5 8.
O-O Nc6 9. e3 Bxd2 10. Nxd2 Qh5 11. Nxc4 e5 12. d5 Nb4 13. Qd2 Bh3 14. Qxb4 Ng4
15. f3 Bxg2 16. fxg4 Qh3 17. Rf2 Bxd5 18. Nxe5 Rfe8 19. e4 c5 20. Qxc5 Bxe4 21.
Bf4 Rad8 22. Re1 f6 23. Nc4 Bc6 24. Rxe8+ Rxe8 25. Ne3 g6 26. Qc4+ Kg7 27. Qf1
Qxf1+ 28. Nxf1 Re1 29. Bd2 Ra1 30. a3 Bd7 31. Bc3 Bxg4 32. Rxf6 Kg8 33. Kf2 Bd7
34. Ne3 Rh1 35. Nd5 Rxh2+ 36. Ke3 1-0

[Event "33. Open Barbera del Valles 2010"]
[Site "Barbera del Valles ESP"]
[Date "2010.07.07"]
[Round "4.8"]
[White "Aderito, Pedro"]
[Black "Gongora Reyes, Maikel"]
[Result "0-1"]
[WhiteElo "2333"]
[BlackElo "2451"]
[PlyCount "52"]
[EventDate "2010.07.04"]
[EventType "swiss"]
[EventRounds "9"]
[EventCountry "ESP"]
[Source "lmi"]
[SourceDate "2010.07.04"]

1. d4 d5 2. c4 c6 3. Nf3 Nf6 4. Nc3 a6 5. a4 e6 6. e3 c5 7. Ne5 Nc6 8. f4 cxd4
9. exd4 Bb4 10. Be3 O-O 11. Bd3 dxc4 12. Bxc4 Nd5 13. Bxd5 exd5 14. O-O Bxc3
15. bxc3 Bf5 16. Qh5 Qc8 17. Bd2 Na5 18. Be1 f6 19. Nf3 Qd7 20. h3 Rfe8 21. Nd2
Bd3 22. Rf2 Re3 23. Nf1 Bxf1 24. Rxf1 Nc4 25. f5 Rae8 26. Qd1 Re2 0-1

[Event "33. Open Barbera del Valles 2010"]
[Site "Barbera del Valles ESP"]
[Date "2010.07.07"]
[Round "4.10"]
[White "Mihailovs, Jurijs"]
[Black "Gomez Jurado, Luis Alberto"]
[Result "0-1"]
[WhiteElo "2405"]
[BlackElo "2287"]
[PlyCount "66"]
[EventDate "2010.07.04"]
[EventType "swiss"]
[EventRounds "9"]
[EventCountry "ESP"]
[Source "lmi"]
[SourceDate "2010.07.04"]

1. d4 Nf6 2. c4 e6 3. Nf3 Bb4+ 4. Nbd2 d5 5. Qa4+ Nc6 6. a3 Bxd2+ 7. Bxd2 O-O
8. Bf4 Ne7 9. e3 Ng6 10. Bg3 Ne4 11. Bd3 c5 12. O-O-O Bd7 13. Qc2 f5 14. Kb1
cxd4 15. Nxd4 Rc8 16. Bxe4 fxe4 17. Qb3 dxc4 18. Qxb7 c3 19. Nc2 Rf7 20. Rd6
Qe8 21. Qxe4 cxb2 22. Rhd1 e5 23. Qd5 Bc6 24. Qc4 Nf8 25. R1d2 Ba4 26. Qd5 Nd7
27. Re6 Qf8 28. Qd6 Nb6 29. Qxf8+ Rfxf8 30. Bxe5 Bxc2+ 31. Rxc2 Rxc2 32. Kxc2
Rxf2+ 33. Kb1 Nc4 0-1

[Event "33. Open Barbera del Valles 2010"]
[Site "Barbera del Valles ESP"]
[Date "2010.07.07"]
[Round "4.11"]
[White "Sayrol Clols, Jose M"]
[Black "Perez Mitjans, Orelvis"]
[Result "0-1"]
[WhiteElo "2099"]
[BlackElo "2424"]
[PlyCount "54"]
[EventDate "2010.07.04"]
[EventType "swiss"]
[EventRounds "9"]
[EventCountry "ESP"]
[Source "lmi"]
[SourceDate "2010.07.04"]

1. e4 d5 2. exd5 Qxd5 3. Nc3 Qa5 4. d4 Nf6 5. h3 Bf5 6. Nf3 e6 7. Bb5+ c6 8.
Bd3 Nbd7 9. O-O h6 10. Re1 Bxd3 11. Qxd3 O-O-O 12. Bf4 g5 13. Be5 Rg8 14. a3
Nxe5 15. Nxe5 Qc7 16. Ne4 Nd5 17. Qf3 f5 18. Nc5 Bxc5 19. dxc5 g4 20. hxg4 Rdf8
21. Rad1 fxg4 22. Qg3 Rg5 23. c4 Nf4 24. Rd7 Qa5 25. b4 Qa4 26. Rf7 Rxf7 27.
Nxf7 Ne2+ 0-1

[Event "33. Open Barbera del Valles 2010"]
[Site "Barbera del Valles ESP"]
[Date "2010.07.07"]
[Round "4.12"]
[White "Chueca Forcen, Alberto"]
[Black "Cabrera, Alexis"]
[Result "0-1"]
[WhiteElo "2280"]
[BlackElo "2533"]
[PlyCount "58"]
[EventDate "2010.07.04"]
[EventType "swiss"]
[EventRounds "9"]
[EventCountry "ESP"]
[Source "lmi"]
[SourceDate "2010.07.04"]

1. d4 Nf6 2. c4 g6 3. Nc3 d5 4. Nf3 Bg7 5. Qb3 dxc4 6. Qxc4 O-O 7. e4 Bg4 8.
Be2 Nfd7 9. Be3 Nc6 10. Rd1 Bxf3 11. Bxf3 e5 12. d5 Nd4 13. O-O a6 14. Ne2
Nxf3+ 15. gxf3 Rc8 16. Rd2 Kh8 17. Qb3 b6 18. f4 f5 19. f3 fxe4 20. fxe4 Qh4
21. Bf2 Qe7 22. Qe3 Rce8 23. fxe5 Nxe5 24. Rc2 Rf3 25. Qd2 Rd3 26. Qc1 Nf3+ 27.
Kh1 Qxe4 28. Nf4 Ne1+ 29. Kg1 Nxc2 0-1

[Event "33. Open Barbera del Valles 2010"]
[Site "Barbera del Valles ESP"]
[Date "2010.07.07"]
[Round "4.13"]
[White "Munoz Pantoja, Miguel"]
[Black "Fenollar Jorda, Manuel"]
[Result "1/2-1/2"]
[WhiteElo "2494"]
[BlackElo "2369"]
[PlyCount "68"]
[EventDate "2010.07.04"]
[EventType "swiss"]
[EventRounds "9"]
[EventCountry "ESP"]
[Source "lmi"]
[SourceDate "2010.07.04"]

1. e4 e5 2. Nf3 Nf6 3. Nc3 Bb4 4. Nxe5 O-O 5. Be2 Re8 6. Nd3 Bxc3 7. dxc3 Nxe4
8. O-O d6 9. Nf4 Nf6 10. b3 Bf5 11. Bb2 Be4 12. c4 Nbd7 13. Bf3 Ne5 14. Bxe4
Nxe4 15. Qd5 Qh4 16. Nd3 Nc6 17. Rfe1 Nf6 18. Qb5 Reb8 19. g3 Qh6 20. Nf4 Ng4
21. Qh5 Qxh5 22. Nxh5 f6 23. Re4 Nge5 24. f4 Nd7 25. Rae1 Kf7 26. b4 Re8 27.
Rxe8 Rxe8 28. Rxe8 Kxe8 29. b5 Na5 30. Nxg7+ Kf7 31. Nf5 Nxc4 32. Bd4 Na3 33.
Bxa7 Nxb5 34. Be3 Ke6 1/2-1/2

[Event "33. Open Barbera del Valles 2010"]
[Site "Barbera del Valles ESP"]
[Date "2010.07.07"]
[Round "4.14"]
[White "Panelo, Marcelo"]
[Black "Cruz Lledo, Pablo"]
[Result "0-1"]
[WhiteElo "2450"]
[BlackElo "2239"]
[PlyCount "140"]
[EventDate "2010.07.04"]
[EventType "swiss"]
[EventRounds "9"]
[EventCountry "ESP"]
[Source "lmi"]
[SourceDate "2010.07.04"]

1. d4 d5 2. c4 c6 3. Nf3 Nf6 4. Nc3 dxc4 5. a4 Na6 6. e4 Bg4 7. Bxc4 e6 8. Be3
Nb4 9. O-O Be7 10. h3 Bh5 11. Qb3 Bxf3 12. gxf3 O-O 13. a5 b5 14. Be2 a6 15.
Rfc1 Nd7 16. Nd1 c5 17. dxc5 Nc6 18. Qa3 b4 19. Qa4 Qc7 20. f4 Nf6 21. Bf3 e5
22. fxe5 Nxe5 23. Bg2 Nd3 24. Rc4 Nd7 25. Qc2 N7e5 26. Rd4 Ne1 27. Qe2 Nxg2 28.
Kxg2 Bxc5 29. Rc1 Qe7 30. Rd2 Bxe3 31. Nxe3 Ng6 32. Qg4 h5 33. Qg3 Qxe4+ 34.
Kg1 Rac8 35. Rcd1 Ne5 36. Rd5 Rfe8 37. Qg2 Qf4 38. Kh1 b3 39. R5d4 Qf6 40. Rd6
Re6 41. Nd5 Qh4 42. Rxe6 fxe6 43. Rg1 Ng4 44. Ne7+ Qxe7 45. hxg4 Qh4+ 46. Qh2
Qxh2+ 47. Kxh2 Rc2 48. gxh5 Rxb2 49. Kg2 Kf7 50. Rd1 Ra2 51. Rd3 Rxa5 52. Rxb3
Rxh5 53. Ra3 a5 54. Rb3 Kf6 55. Rb7 Rh4 56. Ra7 Ra4 57. Kg3 e5 58. Kf3 Rf4+ 59.
Ke3 a4 60. Ra6+ Kf5 61. Ra8 g5 62. Ra6 Rb4 63. Kd2 g4 64. Ke3 Rb3+ 65. Ke2 a3
66. Ra4 g3 67. fxg3 Rxg3 68. Kd2 e4 69. Ke2 Kf4 70. Ra8 Rg2+ 0-1

[Event "33. Open Barbera del Valles 2010"]
[Site "Barbera del Valles ESP"]
[Date "2010.07.07"]
[Round "4.15"]
[White "Huerga Leache, Mikel"]
[Black "Tallo Dominguez, Imar"]
[Result "1-0"]
[WhiteElo "2424"]
[BlackElo "2204"]
[PlyCount "73"]
[EventDate "2010.07.04"]
[EventType "swiss"]
[EventRounds "9"]
[EventCountry "ESP"]
[Source "lmi"]
[SourceDate "2010.07.04"]

1. d4 Nf6 2. c4 e6 3. Nc3 Bb4 4. e3 c5 5. Nf3 b6 6. Bd3 Bb7 7. O-O O-O 8. a3
Bxc3 9. bxc3 d6 10. Qc2 Qc7 11. e4 cxd4 12. cxd4 e5 13. Bb2 Re8 14. Nh4 Nc6 15.
d5 Na5 16. f4 Nd7 17. Nf5 Ba6 18. Rac1 Rac8 19. Qf2 f6 20. Qg3 Nc5 21. fxe5
dxe5 22. d6 Qd7 23. Be2 Kh8 24. Qh4 Bb7 25. Bh5 Bxe4 26. Bg6 h6 27. Bxe8 Rxe8
28. Nxh6 gxh6 29. Rxf6 Qg7 30. Rxh6+ Kg8 31. g3 Nab3 32. Qh5 Bc6 33. Rg6 Nxc1
34. Rxg7+ Kxg7 35. Bxc1 Re6 36. Bb2 Nd3 37. Qf5 1-0

[Event "33. Open Barbera del Valles 2010"]
[Site "Barbera del Valles ESP"]
[Date "2010.07.07"]
[Round "4.16"]
[White "Matnadze, Ana"]
[Black "Jareno Badenas, Aleix"]
[Result "1-0"]
[WhiteElo "2422"]
[BlackElo "1967"]
[PlyCount "81"]
[EventDate "2010.07.04"]
[EventType "swiss"]
[EventRounds "9"]
[EventCountry "ESP"]
[Source "lmi"]
[SourceDate "2010.07.04"]

1. d4 Nf6 2. Nf3 c5 3. d5 b5 4. Bg5 d6 5. e3 Qa5+ 6. c3 Nbd7 7. Bd3 g6 8. O-O
Bg7 9. a4 b4 10. c4 O-O 11. Nbd2 Re8 12. b3 Ng4 13. Ra2 Nge5 14. Bb1 Nxf3+ 15.
Nxf3 Nf6 16. e4 Qc7 17. Rd2 a5 18. Re1 Nd7 19. Rde2 Ne5 20. Nxe5 Bxe5 21. h3
Bc3 22. Bd2 Bd4 23. Kh1 e5 24. dxe6 fxe6 25. f4 e5 26. f5 Qg7 27. g4 g5 28. Qc1
h6 29. h4 Bc3 30. Rh2 Bxd2 31. Qxd2 Ra6 32. hxg5 Qxg5 33. Qxg5+ hxg5 34. Rh5
Re7 35. Rxg5+ Kf8 36. Rh5 Bd7 37. Kg2 Bxa4 38. bxa4 b3 39. Rh8+ Kg7 40. Reh1
Rf7 41. g5 1-0

[Event "33. Open Barbera del Valles 2010"]
[Site "Barbera del Valles ESP"]
[Date "2010.07.07"]
[Round "4.17"]
[White "Lorenzo De La Riva, Lazaro"]
[Black "Silva Rodriguez, Julio"]
[Result "1-0"]
[WhiteElo "2407"]
[BlackElo "2126"]
[PlyCount "109"]
[EventDate "2010.07.04"]
[EventType "swiss"]
[EventRounds "9"]
[EventCountry "ESP"]
[Source "lmi"]
[SourceDate "2010.07.04"]

1. c4 Nf6 2. Nc3 e5 3. g3 d5 4. cxd5 Nxd5 5. Bg2 Nb6 6. Nf3 Nc6 7. O-O Be7 8.
d3 O-O 9. a3 Re8 10. b4 Bf8 11. Bb2 a5 12. b5 Nd4 13. Nd2 a4 14. e3 Ne6 15. Nf3
Nc5 16. d4 Nb3 17. Nxe5 Nxa1 18. Qxa1 Rxe5 19. dxe5 Nc4 20. Rd1 Qg5 21. Nd5 Bg4
22. h4 Qf5 23. Rd4 Nxb2 24. Qxb2 Qxe5 25. Qc2 Bf5 26. Qxc7 Qxc7 27. Nxc7 Rc8
28. Nd5 Bxa3 29. Rxa4 Bc5 30. Nf4 b6 31. Ra7 h6 32. Bd5 Rf8 33. e4 Bg4 34. Ng6
Rd8 35. Bxf7+ Kh7 36. Ne5 Be2 37. Bg6+ Kg8 38. Nd7 Bd4 39. Ra4 Bxf2+ 40. Kxf2
Bxb5 41. Nxb6 Bxa4 42. Nxa4 Rd6 43. h5 Kf8 44. Nc3 Ke7 45. Ke3 Ke6 46. Kf4 Rd3
47. Bf5+ Kf7 48. Nd5 Rd1 49. Ke5 Ra1 50. Be6+ Kf8 51. g4 Ra5 52. Kf5 Ra6 53. e5
Rc6 54. Bd7 Rc5 55. Ke6 1-0

[Event "33. Open Barbera del Valles 2010"]
[Site "Barbera del Valles ESP"]
[Date "2010.07.07"]
[Round "4.18"]
[White "Tarrago Antoni, Maurici"]
[Black "Vehi Bach, Victor Manuel"]
[Result "1/2-1/2"]
[WhiteElo "2258"]
[BlackElo "2405"]
[PlyCount "39"]
[EventDate "2010.07.04"]
[EventType "swiss"]
[EventRounds "9"]
[EventCountry "ESP"]
[Source "lmi"]
[SourceDate "2010.07.04"]

1. Nf3 Nf6 2. c4 e6 3. g3 d5 4. Bg2 dxc4 5. Qa4+ c6 6. Qxc4 b5 7. Qc2 Bb7 8. d4
Nbd7 9. O-O c5 10. dxc5 Bxc5 11. Nc3 Rc8 12. Ng5 Qb6 13. Qb3 Bxg2 14. Kxg2 Qb7+
15. f3 h6 16. Nge4 Nxe4 17. Nxe4 O-O 18. Re1 Be7 19. Be3 Nf6 20. Nxf6+ 1/2-1/2